La ecuación patrimonial; cuaderno 1, diarización, mayorización y balance; cuaderno 2; manual para el /

Guardado en:
Autor Principal: García Apolinar, Edgardo
Formato: Libro
Publicado: Buenos Aires : A.g., 0
Materias:
Etiquetas: Agregar Etiqueta
Sin Etiquetas, Sea el primero en etiquetar este registro!
LEADER 00599nam a22001815a 4500
001 CEM.cems002709
005 20060217000000.0
008 130507b######################000#0#####d
003 CEMS
082 0 4 |a 657.3 
100 1 |a García Apolinar, Edgardo 
245 1 0 |a La ecuación patrimonial; cuaderno 1, diarización, mayorización y balance; cuaderno 2; manual para el /  |c Edgardo García Apolinar 
260 |a Buenos Aires :  |b A.g., 0 
300 |a 32 p. 
653 |a Contabilidad 
653 |a Ecuacion patrimonial 
653 |a Libro diario 
859 |a CEMS  |b BIB. CEMS - 11 de abril  |h 657.3  |i G165  |p 12957.84  |t Ej.1